<?xml version="1.0" encoding="UTF-8"?>
<record
    xmlns:xsi="http://www.w3.org/2001/XMLSchema-instance"
    xsi:schemaLocation="http://www.loc.gov/MARC21/slim http://www.loc.gov/standards/marcxml/schema/MARC21slim.xsd"
    xmlns="http://www.loc.gov/MARC21/slim">

  <leader>00887nam a2200229   4500</leader>
  <controlfield tag="001">59987</controlfield>
  <controlfield tag="003">ES-MaACL</controlfield>
  <controlfield tag="005">20250531195927.0</controlfield>
  <controlfield tag="007">t|</controlfield>
  <controlfield tag="008">031031s1935    sp           ||||1| spa d</controlfield>
  <datafield tag="080" ind1=" " ind2=" ">
    <subfield code="a">78 Arriaga, Juan Cris&#xF3;stomo de</subfield>
  </datafield>
  <datafield tag="100" ind1="1" ind2=" ">
    <subfield code="a">Arriaga Igartua, Jos&#xE9; de.</subfield>
    <subfield code="9">143238</subfield>
  </datafield>
  <datafield tag="245" ind1="1" ind2="4">
    <subfield code="a">Los esclavos felices / </subfield>
    <subfield code="c">Juan de Eresalde ; &#xF3;pera de J.C. de Arriaga ; antecedentes, comentarios... pr&#xF3;logo de Jos&#xE9; Subir&#xE1; ; s&#xED;ntesis de &#xC1;ngel de Ugarte Revenga ; m&#xFA;sica de Arriaga ; cubierta de Jos&#xE9; Arrue.</subfield>
  </datafield>
  <datafield tag="260" ind1=" " ind2=" ">
    <subfield code="a">Bilbao : </subfield>
    <subfield code="b">[s.n.], </subfield>
    <subfield code="c">1935 (</subfield>
    <subfield code="f">Imp. "Mayli")</subfield>
  </datafield>
  <datafield tag="300" ind1=" " ind2=" ">
    <subfield code="a">140 p. ; </subfield>
    <subfield code="c">28 cm.</subfield>
  </datafield>
  <datafield tag="700" ind1="1" ind2=" ">
    <subfield code="a">Arriaga, Juan Cris&#xF3;stomo de.</subfield>
    <subfield code="9">139120</subfield>
  </datafield>
  <datafield tag="700" ind1="1" ind2=" ">
    <subfield code="a">Ugarte-Revenga, Angel de.</subfield>
    <subfield code="9">111899</subfield>
  </datafield>
  <datafield tag="700" ind1="1" ind2=" ">
    <subfield code="a">Subir&#xE1;, Jos&#xE9;, </subfield>
    <subfield code="d">1882-1980</subfield>
    <subfield code="9">108686</subfield>
  </datafield>
  <datafield tag="700" ind1="1" ind2=" ">
    <subfield code="a">Arrue, Jos&#xE9; (</subfield>
    <subfield code="d">1885-1977)</subfield>
    <subfield code="9">23393</subfield>
  </datafield>
  <datafield tag="852" ind1=" " ind2=" ">
    <subfield code="a">ES-MaACL</subfield>
    <subfield code="j">1766-F-23</subfield>
  </datafield>
  <datafield tag="999" ind1=" " ind2=" ">
    <subfield code="c">59987</subfield>
    <subfield code="d">59987</subfield>
  </datafield>
  <datafield tag="952" ind1=" " ind2=" ">
    <subfield code="0">0</subfield>
    <subfield code="1">0</subfield>
    <subfield code="4">0</subfield>
    <subfield code="7">0</subfield>
    <subfield code="8">Colecci&#xF3;n_de_folletos</subfield>
    <subfield code="a">ATENEOM</subfield>
    <subfield code="b">ATENEOM</subfield>
    <subfield code="c">DEPOF</subfield>
    <subfield code="d">2008-01-17</subfield>
    <subfield code="e">SC</subfield>
    <subfield code="l">0</subfield>
    <subfield code="o">1766-F-23</subfield>
    <subfield code="p">1062914</subfield>
    <subfield code="r">2023-02-23 00:00:00</subfield>
    <subfield code="w">2023-02-23</subfield>
    <subfield code="y">FOLLETOS</subfield>
  </datafield>
</record>
